| 000 | 00645cam a2200217ua 4500 | ||
|---|---|---|---|
| 020 | _cRs 3.00 | ||
| 041 |
_amal _h |
||
| 082 |
_a894.812 1 _bSAN/AD |
||
| 100 | _aSandeepani, . | ||
| 130 | 0 | _aAdhyathma Ramayanam. mal . | |
| 245 | 0 | 0 |
_aAdhyatma Ramayanam : Ayodhyakandam / _cSandeepani. _hTextual Documents |
| 260 |
_aKozhikode : _bTouring book stall , _c1972. |
||
| 300 | _a160 ; . | ||
| 365 | _aRs 3.00 | ||
| 440 | 0 |
_aPurana Kayammala Series, _v _x; |
|
| 490 | 0 |
_aPurana Kayammala Series, _v _x; |
|
| 504 | _a | ||
| 650 | _aPoems - Malayalam | ||
| 942 | _cBK | ||
| 999 |
_c581 _d581 |
||